000 01654nam a2200229Ia 4500
999 _c36913
_d36913
001 2864
003 GE_BSU
005 20190613140111.0
008 181216s||||||||xx |||||||||||||| ||und||
020 _a9789941412929
040 _cGE_BSU
080 _a340.131
100 _aკვირიკაია, ზურაბ.
_92469
245 _aკონკრეტულ და აბსტრაქტულ ნორმათა კონტროლის სუბიექტების თავისებურებები საკონსტიტუციო სასამართლოებში /
_cზურაბ კვირკვაია ; რედ. მურმან გორგოშაძე ; ბათუმის შოთა რუსთაველის სახელმწ. უნ-ტი, სოციალ. მეცნ., ბიზნესისა და სამართალმც. ფაკ-ტი, იურიდ. მეცნ. დეპარტამენტი.
264 _aბათუმი :
_bშოთა რუსთაველის სახელმწ. უნ-ტის გამ-ბა,
_c2011.
300 _a87 გვ. ;
_b20 სმ.
653 _aსამართალი
653 _a საკონსტიტუციო სასამართლო
700 _aგორგოშაძე, მურმან
_eრედაქტორი
_92470
710 _aბათუმის სახელმწ. უნ-ტი;
_b სოც. მეცნ., ბიზნესისა და სამართალმც. ფაკ-ტი.
_92471
942 _cBK
_2udc